Loading...
Mewar and the Mughal Emperors
| Main Author: | |
|---|---|
| Format: | Printed Book |
| Published: |
Agra:
Shiv Lal Agarwala & Co. Pvt. Ltd.,
1962.
|
| Subjects: |
| LEADER | 00502nam a22001454a 4500 | ||
|---|---|---|---|
| 082 | |a 954.025 | ||
| 100 | |a Sharma , |b G.N. | ||
| 260 | |a Agra: |b Shiv Lal Agarwala & Co. Pvt. Ltd., |c 1962. | ||
| 650 | |a Mewar and the Mughal Emporors | ||
| 650 | |a Mewar | ||
| 650 | |a Mughal Emperors | ||
| 245 | |a Mewar and the Mughal Emperors |c by Sharma G.N | ||
| 942 | |c BK | ||
| 999 | |c 244360 |d 244360 | ||
| 952 | |0 0 |1 0 |4 0 |6 954_025000000000000_SHA |7 0 |8 TB |9 259703 |a HIS |b HIS |d 2020-01-04 |l 0 |o 954.025 SHA |p HIS1964 |r 2020-01-04 |t 1 |w 2020-01-04 |y BK | ||